| 000 | 00458nam a2200181Ia 4500 | ||
|---|---|---|---|
| 008 | 240925s9999 xx 000 0 und d | ||
| 020 | _a856136042 | ||
| 082 | _a796.44 ARL | ||
| 100 | _aJardine, Douglas | ||
| 245 | 0 | _aIn Quest of The Ashes | |
| 250 | _aNA | ||
| 260 |
_aLondon: _bOrbis _c,1933. |
||
| 300 |
_a256p. _bN.A _fOriginal |
||
| 500 | _aIncludes Index | ||
| 600 | _aHumanities & Natural Science | ||
| 650 | _aArts and Recreation | ||
| 942 | _cBK | ||
| 999 |
_c12050 _d12050 |
||